000 00280nam a2200133Ia 4500
100 _aSodalamuthe
942 _cBK
654 _aFitter.
245 _aFitter Guide (text) I
260 _bShri Uishnuram Printer.
_c2001
082 _a621.9024
300 _a165
546 _aENGLISH
999 _c23274
_d23274